000
00290nam a22001337a 4500
008
170215b xxu||||| |||| 00| 0 eng d
020
_a
9781416030645
041
_a
eng
080
_2
4TH
_a
61
100
_a
4
101
_a
SHM
245
_a
REVIEW OF FAMILY MEDICINE
_c
BOPE
942
_2
udc
_c
BK
999
_c
5572
_d
5572